[Event "4NCL 2012-13"]
[Site "Hinckley ENG"]
[Date "2013.05.05"]
[Round "10.122"]
[White "Fressinet, Laurent"]
[Black "Colovic, Aleksandar"]
[Result "1-0"]
[WhiteTitle "GM"]
[BlackTitle "IM"]
[WhiteElo "2693"]
[BlackElo "2447"]
[WhiteTeam "Guildford 1"]
[BlackTeam "Cheddleton"]
[WhiteFideId "608742"]
[BlackFideId "15000729"]
[EventDate "2012.11.03"]

1. Nf3 c5 2. c4 Nc6 3. e3 Nf6 4. Nc3 g6 5. d4 cxd4 6. exd4 d5 7. cxd5 Nxd5 8.
Bc4 Nxc3 9. Qb3 Nd5 10. Bxd5 e6 11. Bxc6+ bxc6 12. O-O Qd5 13. Be3 Be7 14. Rfc1
Qxb3 15. axb3 Bb7 16. Ne5 O-O 17. Nc4 Rfd8 18. Ra4 Bf6 19. Na5 Rd7 20. Rb4 Ba6
21. Nxc6 Rb7 22. Rc5 Rb6 23. g4 Bb7 24. g5 Bxc6 25. Rxb6 axb6 26. Rxc6 Bd8 27.
d5 exd5 28. Rd6 Kf8 29. Rxd5 Ke7 30. Rd4 Ke6 31. Kg2 b5 32. Re4+ Kd7 33. Re5 Rb8
34. h4 f6 35. Rd5+ Ke6 36. Rc5 Rb7 37. Kf3 Be7 38. Rc1 Kf5 39. Rd1 Ke6 40. Ke4
f5+ 41. Kf3 Bf8 42. Rc1 Bg7 43. Rc2 Kd5 44. b4 Be5 45. b3 Rc7 46. Bc5 Rd7 47.
Ra2 Rb7 48. Ra6 Bc7 49. Ra2 Be5 50. Ke3 f4+ 51. Kf3 Rd7 52. Ra6 Rb7 53. Kg4 Ke4
54. Re6 Kd5 55. Re8 Rd7 56. f3 Rf7 57. h5 gxh5+ 58. Kxh5 Rg7 59. Rd8+ Ke6 60.
Bd4 Bc7 61. Re8+ Kd7 62. Bxg7 Kxe8 63. Kh6 Bd8 64. Be5 Kf7 65. Bxf4 Kg8 66. Bd2
Be7 67. f4 Bf8+ 68. Kh5 Kf7 69. f5 Bg7 70. Kg4 Ke8 71. Kf3 Kd7 72. Ke4 Kc6 73.
Be3 Bc3 74. Bd4 Bxb4 75. g6 hxg6 76. fxg6 1-0

[Event "4NCL 2012-13"]
[Site "Hinckley ENG"]
[Date "2013.05.05"]
[Round "10.123"]
[White "Hamitevici, Vladimir"]
[Black "Jones, Gawain C B"]
[Result "0-1"]
[WhiteTitle "IM"]
[BlackTitle "GM"]
[WhiteElo "2440"]
[BlackElo "2644"]
[WhiteTeam "Cheddleton"]
[BlackTeam "Guildford"]
[WhiteFideId "13902393"]
[BlackFideId "409561"]
[EventDate "2012.11.03"]

1. d4 Nf6 2. c4 g6 3. Nc3 Bg7 4. Nf3 O-O 5. Bf4 d6 6. e3 Nbd7 7. h3 b6 8. Be2
Bb7 9. Qc2 e5 10. Bh2 exd4 11. exd4 Re8 12. O-O Ne4 13. Nd5 Ndf6 14. Nf4 h5 15.
Nd3 Nh7 16. d5 Bc8 17. Nb4 Qf6 18. Qa4 Bf5 19. Rae1 Nc5 20. Qc6 Qd8 0-1

[Event "4NCL 2012-13"]
[Site "Hinckley ENG"]
[Date "2013.05.05"]
[Round "10.124"]
[White "Edouard, Romain"]
[Black "Paehtz, Elisabeth"]
[Result "1-0"]
[WhiteTitle "GM"]
[BlackTitle "IM"]
[WhiteElo "2688"]
[BlackElo "2482"]
[WhiteTeam "Guildford"]
[BlackTeam "Cheddleton"]
[WhiteFideId "633429"]
[BlackFideId "4641833"]
[EventDate "2012.11.03"]

1. d4 d5 2. c4 c6 3. Nf3 Nf6 4. Nc3 dxc4 5. a4 Bg4 6. Ne5 Bh5 7. g3 e6 8. Bg2
Bb4 9. O-O O-O 10. Bg5 Nbd7 11. Nxc4 a5 12. Na2 Be7 13. Bd2 Nd5 14. Qe1 Nb4 15.
Nxb4 axb4 16. a5 b5 17. Ne3 Rxa5 18. Rxa5 Qxa5 19. Bxc6 Nf6 20. Bg2 Rd8 21. Nc2
Qa2 22. Bxb4 Bxb4 23. Nxb4 Qxb2 24. Nc6 Re8 25. e3 Be2 26. Qb1 Qa3 27. Rc1 Nd5
28. Qc2 Bc4 29. Qd2 Rc8 30. Ne5 Nb6 31. Rb1 g6 32. h4 Kg7 33. e4 Qe7 34. h5 gxh5
35. Ra1 f6 36. Nf3 Rd8 37. Ra6 Nc8 38. d5 exd5 39. Nd4 Kh8 40. Nc6 Qb7 41. Nxd8
Qxa6 42. Qh6 Kg8 43. exd5 Qd6 44. Ne6 Qe7 45. Be4 Nd6 46. Bxh7+ Kh8 47. Kg2 1-0

[Event "4NCL 2012-13"]
[Site "Hinckley ENG"]
[Date "2013.05.05"]
[Round "10.125"]
[White "Arkell, Keith C"]
[Black "Van Kampen, Robin"]
[Result "0-1"]
[WhiteTitle "GM"]
[BlackTitle "GM"]
[WhiteElo "2462"]
[BlackElo "2574"]
[WhiteTeam "Cheddleton"]
[BlackTeam "Guildford"]
[WhiteFideId "400270"]
[BlackFideId "1020854"]
[EventDate "2012.11.03"]

1. Nf3 Nf6 2. c4 e6 3. Nc3 d5 4. cxd5 exd5 5. d4 c6 6. Bg5 Bf5 7. e3 Nbd7 8. Bd3
Bxd3 9. Qxd3 Be7 10. O-O O-O 11. Rab1 a5 12. Qc2 Re8 13. Rfc1 Bd6 14. Ne2 Qc7
15. Bf4 Ne4 16. Bxd6 Nxd6 17. Nf4 Nf6 18. Ne5 Qe7 19. Nfd3 Nfe4 20. Nc5 Nxc5 21.
Qxc5 a4 22. Qb4 Ne4 23. Qxe7 Rxe7 24. Rc2 g5 25. g4 Kg7 26. Kg2 f6 27. Nd3 h5
28. gxh5 Kh6 29. h4 gxh4 30. Nf4 Rg8+ 31. Kf3 Ng5+ 32. Ke2 Ne6 33. Nxe6 Rxe6 34.
Rh1 Kxh5 35. Rcc1 Rg4 36. Kf3 f5 37. Rc5 b6 38. Rc3 f4 39. exf4 Rf6 40. Ke2
Rgxf4 41. f3 Rxd4 42. Re3 Rdf4 43. Re8 Kg6 44. Rg1+ Kf7 45. Rgg8 Re6+ 46. Rxe6
Kxe6 47. Ke3 Rb4 48. Rg6+ Kf5 49. Rxc6 Rxb2 50. Rd6 h3 51. Rxd5+ Ke6 0-1

[Event "4NCL 2012-13"]
[Site "Hinckley ENG"]
[Date "2013.05.05"]
[Round "10.126"]
[White "Sadler, Matthew D"]
[Black "Hawkins, Jonathan"]
[Result "1-0"]
[WhiteTitle "GM"]
[BlackTitle "IM"]
[WhiteElo "2639"]
[BlackElo "2511"]
[WhiteTeam "Guildford 1"]
[BlackTeam "Cheddleton"]
[WhiteFideId "400173"]
[BlackFideId "412686"]
[EventDate "2012.11.03"]

1. d4 Nf6 2. c4 g6 3. f3 d5 4. cxd5 Nxd5 5. e4 Nb6 6. Nc3 Bg7 7. Be3 O-O 8. Qd2
Nc6 9. O-O-O Qd6 10. Nb5 Qd7 11. Bh6 Rd8 12. Bxg7 Kxg7 13. d5 a6 14. Nc3 Qe8 15.
h4 f6 16. h5 e5 17. hxg6 Qxg6 18. Qf2 Nd4 19. f4 c5 20. Nf3 Bg4 21. fxe5 fxe5
22. Nxe5 Qg5+ 23. Qd2 Qxe5 24. Qh6+ Kg8 25. Qxh7+ Kf8 26. Rd2 Qg5 27. Kb1 Rd7
28. Rf2+ Ke8 29. Qh6 Qxh6 30. Rxh6 Nc8 31. Rh8+ Ke7 32. Rh4 1-0

[Event "4NCL 2012-13"]
[Site "Hinckley ENG"]
[Date "2013.05.05"]
[Round "10.127"]
[White "Bellin, Robert"]
[Black "Hebden, Mark L"]
[Result "0-1"]
[WhiteTitle "IM"]
[BlackTitle "GM"]
[WhiteElo "2355"]
[BlackElo "2540"]
[WhiteTeam "Cheddleton"]
[BlackTeam "Guildford"]
[WhiteFideId "400343"]
[BlackFideId "400084"]
[EventDate "2012.11.03"]

1. e4 e5 2. Nf3 Nc6 3. Bb5 a6 4. Ba4 Nf6 5. O-O Be7 6. Bxc6 dxc6 7. d3 Nd7 8.
Nc3 O-O 9. h3 a5 10. a4 Re8 11. Kh1 Bb4 12. Ne2 Nf8 13. Bg5 f6 14. Be3 Ne6 15.
Nh2 Bd6 16. Qd2 c5 17. b3 Nd4 18. g4 b6 19. Rg1 Bb7 20. Ng3 Qd7 21. Rg2 Kh8 22.
Rag1 b5 23. axb5 Qxb5 24. Nf5 g6 25. Bxd4 cxd4 26. g5 Bb4 27. Qc1 fxg5 28. Qxg5
Ra6 29. Qh6 Bf8 30. Qh4 Qd7 31. Ng4 Bg7 32. Ngh6 Bxh6 33. Nxh6 Qe7 34. Rg5 Bc8
35. Qg3 Rf6 36. h4 Qg7 37. Rxe5 Ref8 38. Nf5 Bxf5 39. exf5 Rxf5 40. Rxf5 Rxf5
41. Re1 Qf6 42. Kg1 Rc5 43. Re2 Kg7 44. Qg4 Rf5 45. Qg3 Kh6 46. Re4 Rc5 47. c4
Rf5 48. f4 Kg7 49. Kg2 c5 50. Qf2 Rh5 51. Kh3 g5 52. f5 Rxh4+ 53. Rxh4 gxh4 54.
Qf4 Qe7 55. Qg4+ Kh6 56. Qf4+ Qg5 57. Qd6+ Kh5 58. f6 Qf5+ 59. Kg2 Kg6 60. f7+
Kxf7 61. Qc7+ Kg6 62. Qxa5 Kg5 63. b4 h3+ 64. Kg3 Qxd3+ 0-1

[Event "4NCL 2012-13"]
[Site "Hinckley ENG"]
[Date "2013.05.05"]
[Round "10.128"]
[White "Stefanova, Antoaneta"]
[Black "Eggleston, David J"]
[Result "1-0"]
[WhiteTitle "GM"]
[BlackTitle "FM"]
[WhiteElo "2491"]
[BlackElo "2337"]
[WhiteTeam "Guildford"]
[BlackTeam "Cheddleton"]
[WhiteFideId "2902257"]
[BlackFideId "412120"]
[EventDate "2012.11.03"]

1. d4 Nf6 2. Nf3 e6 3. c4 b6 4. g3 Bb7 5. Bg2 Be7 6. O-O O-O 7. Nc3 Na6 8. a3 d5
9. Ne5 c5 10. cxd5 exd5 11. Bf4 Nc7 12. dxc5 bxc5 13. Qa4 Ne6 14. Rfd1 Re8 15.
Nc4 Nxf4 16. gxf4 Qc8 17. Na5 Rd8 18. e4 c4 19. e5 Nh5 20. Nxb7 Qxb7 21. Nxd5
Rxd5 22. Bxd5 Qc8 23. Bxa8 Qxa8 24. Qxc4 g6 25. Rd7 Qe8 26. Rxa7 Ng7 27. Rd1 Nf5
28. Rdd7 Qf8 29. Rac7 1-0

[Event "4NCL 2012-13"]
[Site "Hinckley ENG"]
[Date "2013.05.05"]
[Round "10.133"]
[White "D'Costa, Lorin A R"]
[Black "Ziska, Helgi Dam"]
[Result "1/2-1/2"]
[WhiteTitle "IM"]
[BlackTitle "IM"]
[WhiteElo "2426"]
[BlackElo "2474"]
[WhiteTeam "Barbican 4NCL"]
[BlackTeam "Jutes of Kent"]
[WhiteFideId "409219"]
[BlackFideId "7200595"]
[EventDate "2012.11.03"]

1. d4 Nf6 2. c4 g6 3. Nc3 Bg7 4. e4 d6 5. h3 O-O 6. Be3 e5 7. d5 Na6 8. Nf3 Nc5
9. Nd2 a5 10. g4 c6 11. Be2 a4 12. g5 Nfd7 13. Qc2 Qa5 14. a3 Rd8 15. h4 Rb8 16.
Kf1 Rf8 17. h5 f6 18. hxg6 hxg6 1/2-1/2

[Event "4NCL 2012-13"]
[Site "Hinckley ENG"]
[Date "2013.05.05"]
[Round "10.134"]
[White "Johannesson, Ingvar Thor"]
[Black "Ferguson, Mark"]
[Result "1/2-1/2"]
[WhiteTitle "FM"]
[BlackTitle "IM"]
[WhiteElo "2340"]
[BlackElo "2402"]
[WhiteTeam "Jutes of Kent"]
[BlackTeam "Barbican 4NCL"]
[WhiteFideId "2301490"]
[BlackFideId "403547"]
[EventDate "2012.11.03"]

1. Nf3 d5 2. c4 c6 3. e3 Nf6 4. Nc3 Bg4 5. cxd5 Bxf3 6. Qxf3 cxd5 7. b3 e6 8.
Qg3 Nc6 9. Bb2 a6 10. Bd3 h5 11. O-O Qd6 12. Qxd6 Bxd6 13. Rae1 O-O 14. Na4 Nd7
15. Be2 1/2-1/2

[Event "4NCL 2012-13"]
[Site "Hinckley ENG"]
[Date "2013.05.05"]
[Round "10.135"]
[White "Cox, John J"]
[Black "Stebbings, Anthony J"]
[Result "0-1"]
[WhiteTitle "IM"]
[WhiteElo "2396"]
[BlackElo "2265"]
[WhiteTeam "Barbican 4NCL"]
[BlackTeam "Jutes of Kent"]
[WhiteFideId "401064"]
[BlackFideId "402427"]
[EventDate "2012.11.03"]

1. c4 c5 2. g3 g6 3. Bg2 Bg7 4. Nc3 Nc6 5. Nf3 e6 6. d3 Nge7 7. Bg5 h6 8. Bd2 d5
9. a3 b6 10. Rb1 Bb7 11. O-O Rc8 12. b4 cxb4 13. axb4 dxc4 14. dxc4 a5 15. Nb5
O-O 16. bxa5 Nxa5 17. Bxa5 Bxf3 18. Bb4 Bxg2 19. Kxg2 Bf6 20. Qc1 Qd7 21. f3
Rfd8 22. Nd6 Rc6 23. Rd1 Nd5 24. Nb5 Qe8 25. Qxh6 Nxb4 26. Rxd8 Qxd8 27. Rxb4
Bg5 28. Qh3 Qd2 29. Rb1 Qxe2+ 30. Kh1 Qxf3+ 31. Qg2 Qxg2+ 32. Kxg2 Rxc4 33. Kf3
Be7 34. Na7 Rc3+ 35. Kg2 Rc2+ 36. Kh3 Rc7 37. Nb5 Rd7 38. Nc3 Bc5 39. Nb5 f5 40.
Rb2 Kf7 41. Kg2 Kf6 42. h4 e5 43. g4 e4 0-1

[Event "4NCL 2012-13"]
[Site "Hinckley ENG"]
[Date "2013.05.05"]
[Round "10.136"]
[White "Kirk, Ezra"]
[Black "Griffiths, Ryan Rhys"]
[Result "1/2-1/2"]
[BlackTitle "FM"]
[WhiteElo "2258"]
[BlackElo "2353"]
[WhiteTeam "Jutes of Kent"]
[BlackTeam "Barbican 4NCL"]
[WhiteFideId "600067"]
[BlackFideId "2502054"]
[EventDate "2012.11.03"]

1. d4 Nf6 2. c4 e6 3. Nc3 Bb4 4. e3 O-O 5. Bd3 d5 6. Nf3 c5 7. O-O cxd4 8. exd4
dxc4 9. Bxc4 b6 10. Bg5 Bb7 11. Rc1 Nc6 12. Bd3 Ne7 13. a3 Bxc3 14. bxc3 Rc8 15.
Re1 Ng6 16. Re3 Qd6 17. Bxf6 gxf6 18. Nd2 f5 19. Qh5 Bxg2 20. Nc4 Qd5 21. Rg3 f4
22. Rg5 Qf3 23. Bxg6 hxg6 24. Rxg6+ fxg6 25. Qxg6+ 1/2-1/2

[Event "4NCL 2012-13"]
[Site "Hinckley ENG"]
[Date "2013.05.05"]
[Round "10.137"]
[White "Rogers, Jonathan W"]
[Black "Harakis, Alexis M"]
[Result "1-0"]
[WhiteTitle "FM"]
[WhiteElo "2328"]
[BlackElo "2238"]
[WhiteTeam "Barbican 4NCL"]
[BlackTeam "Jutes of Kent"]
[WhiteFideId "402052"]
[BlackFideId "403954"]
[EventDate "2012.11.03"]

1. d4 Nf6 2. Nf3 g6 3. Bg5 Bg7 4. Nbd2 O-O 5. c3 d6 6. e4 c5 7. dxc5 dxc5 8. Bc4
Nc6 9. Qe2 Qc7 10. O-O b6 11. Rfe1 Nh5 12. e5 h6 13. Bh4 Nf4 14. Qe4 Ne6 15. Nf1
Na5 16. Bd5 Bb7 17. Ne3 c4 18. Bxb7 Nc5 19. Bxa8 Nxe4 20. Bxe4 e6 21. Ng4 g5 22.
Bg3 Kh8 23. h4 h5 24. Nf6 g4 25. Ng5 Nc6 26. Bxc6 Qxc6 27. Nxh5 Qb5 28. Re2 Qd5
29. Nf6 1-0

[Event "4NCL 2012-13"]
[Site "Hinckley ENG"]
[Date "2013.05.05"]
[Round "10.138"]
[White "Van Weersel, Arlette"]
[Black "Lauterbach, Ingrid"]
[Result "1-0"]
[WhiteTitle "WIM"]
[BlackTitle "WIM"]
[WhiteElo "2168"]
[BlackElo "2143"]
[WhiteTeam "Jutes of Kent"]
[BlackTeam "Barbican 4NCL"]
[WhiteFideId "1009877"]
[BlackFideId "405221"]
[EventDate "2012.11.03"]

1. e4 d6 2. d4 Nf6 3. Nc3 g6 4. h3 Bg7 5. Be3 c6 6. Nf3 O-O 7. Qd2 Nbd7 8. e5
Nd5 9. Nxd5 cxd5 10. exd6 e6 11. Bh6 Nf6 12. h4 Ne4 13. Qc1 Qxd6 14. Bxg7 Kxg7
15. h5 Nf6 16. hxg6 fxg6 17. Ne5 Qe7 18. Bd3 Ng8 19. Qe3 Qf6 20. g3 b6 21. Rh2
a5 22. O-O-O h6 23. Bxg6 Ba6 24. Rdh1 Qg5 25. Qxg5 hxg5 26. Rh7+ Kf6 27. c3 g4
28. Bc2 Rad8 29. Nxg4+ Kg5 30. R7h5+ 1-0

[Event "4NCL 2012-13"]
[Site "Hinckley ENG"]
[Date "2013.05.05"]
[Round "10.141"]
[White "Dearing, Eddie"]
[Black "Adair, James R"]
[Result "1/2-1/2"]
[WhiteTitle "IM"]
[BlackTitle "FM"]
[WhiteElo "2418"]
[BlackElo "2297"]
[WhiteTeam "Cambridge University"]
[BlackTeam "White Rose"]
[WhiteFideId "2400731"]
[BlackFideId "406252"]
[EventDate "2012.11.03"]

1. d4 Nf6 2. c4 e6 3. Nf3 Bb4+ 4. Nbd2 O-O 5. a3 Be7 6. g3 d5 7. Bg2 b6 8. O-O
Bb7 9. Qc2 Nbd7 10. Rd1 dxc4 11. Nxc4 c5 12. dxc5 Be4 13. Qc3 Nd5 14. Qe1 Nxc5
15. Bf4 Nb3 16. Nd4 Bxg2 17. Nxb3 Be4 18. Rac1 b5 19. Ne5 Qe8 20. f3 Bg6 21. Nd4
Nxf4 22. gxf4 f6 23. Nxg6 Qxg6+ 24. Qg3 Qxg3+ 25. hxg3 e5 26. Ne6 Rfc8 27. f5 g6
28. g4 Bf8 29. Kf2 Bh6 30. e3 Rc4 31. Nc7 Rc8 32. Rxc4 bxc4 33. Rd7 Rb8 34. Nd5
Rxb2+ 35. Kg3 gxf5 36. gxf5 Bg7 37. Rxa7 Kf8 38. Ne7 Rb5 39. Rc7 Ra5 40. e4 Rxa3
41. Nd5 Ra4 42. Nb6 Ra6 43. Nxc4 Bh6 44. Rxh7 Bf4+ 45. Kg4 Rc6 46. Na3 Rc1 47.
Rb7 1/2-1/2

[Event "4NCL 2012-13"]
[Site "Hinckley ENG"]
[Date "2013.05.05"]
[Round "10.142"]
[White "Wells, Peter K"]
[Black "Bisby, Daniel L"]
[Result "1-0"]
[WhiteTitle "GM"]
[BlackTitle "FM"]
[WhiteElo "2488"]
[BlackElo "2288"]
[WhiteTeam "White Rose"]
[BlackTeam "Cambridge University"]
[WhiteFideId "400327"]
[BlackFideId "404586"]
[EventDate "2012.11.03"]

1. d4 d6 2. e4 g6 3. Nc3 Bg7 4. f4 Nf6 5. Nf3 O-O 6. Bd3 Na6 7. O-O c5 8. d5 Bg4
9. Kh1 Qc8 10. Bc4 Nc7 11. a4 a6 12. Qe1 Rb8 13. e5 Nd7 14. Qh4 Bxf3 15. Rxf3
Nb6 16. Rh3 h5 17. Be2 dxe5 18. Bxh5 Bf6 19. Qg3 Qf5 20. Bg4 Qxc2 21. fxe5 Bg7
22. Qh4 g5 23. Bxg5 Ncxd5 24. Nxd5 Nxd5 25. Rf1 Rfd8 26. Qh5 1-0

[Event "4NCL 2012-13"]
[Site "Hinckley ENG"]
[Date "2013.05.05"]
[Round "10.143"]
[White "Moskovic, David M"]
[Black "Palliser, Richard J D"]
[Result "0-1"]
[WhiteTitle "FM"]
[BlackTitle "IM"]
[WhiteElo "2342"]
[BlackElo "2453"]
[WhiteTeam "Cambridge University"]
[BlackTeam "White Rose"]
[WhiteFideId "404535"]
[BlackFideId "407372"]
[EventDate "2012.11.03"]

1. e4 c5 2. d3 Nc6 3. Be2 Nf6 4. f4 d5 5. e5 Nd7 6. Nf3 e6 7. c4 Be7 8. cxd5
exd5 9. Nc3 Nb6 10. d4 Bg4 11. Be3 Bxf3 12. Bxf3 cxd4 13. Bxd4 Nxd4 14. Qxd4 Rc8
15. Qd3 O-O 16. O-O d4 17. Ne4 Nc4 18. Qb3 d3 19. Qxb7 Rc7 20. Qb3 Qd4+ 21. Rf2
Ne3 22. Kh1 Rfc8 23. Nc3 Bb4 24. e6 Bxc3 25. bxc3 Rxc3 26. exf7+ Kf8 27. Qb2 Qc4
28. h3 Rc1+ 29. Rxc1 Qxc1+ 30. Qxc1 Rxc1+ 31. Kh2 Rc2 32. Kg1 d2 33. a3 a5 34.
g4 a4 35. f5 h6 36. h4 d1=Q+ 37. Bxd1 Rxf2 38. Kxf2 Nxd1+ 39. Ke2 Nc3+ 40. Kd3
Nb5 41. Kc4 Nxa3+ 0-1

[Event "4NCL 2012-13"]
[Site "Hinckley ENG"]
[Date "2013.05.05"]
[Round "10.144"]
[White "McNab, Colin A"]
[Black "Eckersley-Waites, Adam"]
[Result "1-0"]
[WhiteTitle "GM"]
[WhiteElo "2455"]
[BlackElo "2266"]
[WhiteTeam "White Rose"]
[BlackTeam "Cambridge University"]
[WhiteFideId "2400030"]
[BlackFideId "411698"]
[EventDate "2012.11.03"]

1. c4 Nf6 2. g3 g6 3. Bg2 Bg7 4. Nf3 O-O 5. O-O d6 6. d4 Nbd7 7. Qc2 e5 8. Rd1
Qe7 9. Nc3 c6 10. e4 a6 11. d5 c5 12. Rb1 Rb8 13. Ne1 b5 14. cxb5 axb5 15. b4
cxb4 16. Rxb4 Nc5 17. Rxb5 Rxb5 18. Nxb5 Ba6 19. a4 Rc8 20. Bg5 Ncxe4 21. Qxe4 1-0

[Event "4NCL 2012-13"]
[Site "Hinckley ENG"]
[Date "2013.05.05"]
[Round "10.145"]
[White "Churm, Rohan M"]
[Black "Buckley, Simon T"]
[Result "1/2-1/2"]
[WhiteElo "2169"]
[BlackElo "2349"]
[WhiteTeam "Cambridge University"]
[BlackTeam "White Rose"]
[WhiteFideId "405566"]
[BlackFideId "407410"]
[EventDate "2012.11.03"]

1. e4 e6 2. d4 d5 3. Nd2 Nf6 4. e5 Nfd7 5. Bd3 c5 6. c3 Nc6 7. Ne2 cxd4 8. cxd4
f6 9. exf6 Nxf6 10. Nf3 Bd6 11. O-O Qc7 12. Bg5 O-O 13. Bh4 Nh5 14. Rc1 Rxf3 15.
gxf3 Bxh2+ 16. Kg2 Nf4+ 17. Kxh2 Nxe2+ 18. Bg3 Nxg3 19. fxg3 1/2-1/2

[Event "4NCL 2012-13"]
[Site "Hinckley ENG"]
[Date "2013.05.05"]
[Round "10.146"]
[White "Van De Griendt, Jan Willem"]
[Black "Makarov, Alexander"]
[Result "1-0"]
[WhiteTitle "FM"]
[WhiteElo "2323"]
[BlackElo "2180"]
[WhiteTeam "White Rose"]
[BlackTeam "Cambridge University"]
[WhiteFideId "1002112"]
[BlackFideId "34100749"]
[EventDate "2012.11.03"]

1. d4 Nf6 2. c4 e6 3. Nf3 Bb4+ 4. Bd2 Qe7 5. g3 O-O 6. Bg2 Nc6 7. O-O d6 8. Bc1
a6 9. a3 Ba5 10. e3 e5 11. b4 Bb6 12. h3 Bf5 13. Nc3 exd4 14. exd4 Be4 15. Nxe4
Qxe4 16. Bb2 Qf5 17. Nh4 Qd7 18. c5 Ba7 19. d5 Ne5 20. Qc2 Rae8 21. Rfe1 Qd8 22.
Nf5 Ng6 23. Qc3 Re5 24. Rxe5 dxe5 25. Rd1 h5 26. d6 Qd7 27. Ne3 cxd6 28. Rxd6
Qe7 29. h4 Bb8 30. Nf5 Qc7 31. Rb6 Qd7 32. Ne3 Rc8 33. Rxb7 Bc7 34. Qc2 Qe6 35.
Qf5 Qe8 36. Bh3 Ne7 37. Qf3 e4 38. Qe2 Qc6 39. Ra7 Ra8 40. Rxa8+ Qxa8 41. Bxf6
gxf6 42. Qxh5 1-0

[Event "4NCL 2012-13"]
[Site "Hinckley ENG"]
[Date "2013.05.05"]
[Round "10.147"]
[White "Pickard, Charles"]
[Black "Croad, Nicolas"]
[Result "1/2-1/2"]
[BlackTitle "FM"]
[WhiteElo "2126"]
[BlackElo "2282"]
[WhiteTeam "Cambridge University"]
[BlackTeam "White Rose"]
[WhiteFideId "470880"]
[BlackFideId "4300793"]
[EventDate "2012.11.03"]

1. c4 Nf6 2. Nf3 c5 3. Nc3 b6 4. d4 cxd4 5. Nxd4 Bb7 6. f3 e6 7. e4 d6 8. Bg5
Be7 9. Qa4+ Qd7 10. Qxd7+ Nbxd7 11. Ndb5 Kf8 12. Rd1 Ne8 13. Bf4 Ne5 14. Bxe5
dxe5 15. Rd7 Bc6 16. Rxa7 Rxa7 17. Nxa7 Bd7 18. a3 Nc7 19. Bd3 Bc5 20. Kd2 Ke7
21. Rc1 Ra8 22. Nab5 Nxb5 23. Nxb5 Bxb5 24. cxb5 Rc8 25. Rc4 Kd8 26. Ra4 Bd4 27.
b3 Rc7 28. Ra8+ Rc8 29. Ra6 Rc7 30. Ra8+ Rc8 31. Ra6 1/2-1/2

[Event "4NCL 2012-13"]
[Site "Hinckley ENG"]
[Date "2013.05.05"]
[Round "10.148"]
[White "Olsarova, Tereza"]
[Black "Chevannes, Sabrina L"]
[Result "0-1"]
[WhiteTitle "WIM"]
[BlackTitle "WFM"]
[WhiteElo "2267"]
[BlackElo "2083"]
[WhiteTeam "White Rose"]
[BlackTeam "Cambridge University"]
[WhiteFideId "325449"]
[BlackFideId "411280"]
[EventDate "2012.11.03"]

1. d4 d5 2. c4 e6 3. Nc3 Be7 4. e4 dxe4 5. Nxe4 Nf6 6. Nxf6+ Bxf6 7. Nf3 O-O 8.
Bd3 c5 9. dxc5 Na6 10. O-O Nxc5 11. Bc2 b6 12. Qe2 Qc7 13. Bg5 Bxg5 14. Nxg5 h6
15. b4 hxg5 16. bxc5 Bb7 17. cxb6 axb6 18. Rab1 Ra5 19. Rb3 Rc8 20. Rh3 Qxc4 21.
Qh5 Kf8 22. Bb3 Qe4 23. Rf3 Rf5 24. Rg3 Ba6 25. Re3 Qxe3 26. Qh8+ Ke7 27. Qxc8
Qe2 0-1

[Event "4NCL 2012-13"]
[Site "Hinckley ENG"]
[Date "2013.05.05"]
[Round "10.151"]
[White "Cobb, James"]
[Black "Zhou, Yang-Fan"]
[Result "0-1"]
[WhiteTitle "IM"]
[BlackTitle "IM"]
[WhiteElo "2423"]
[BlackElo "2418"]
[WhiteTeam "South Wales Dragons"]
[BlackTeam "Guildford"]
[WhiteFideId "1800949"]
[BlackFideId "468584"]
[EventDate "2012.11.03"]

1. Nf3 Nf6 2. d4 g6 3. Bf4 Bg7 4. e3 O-O 5. h3 d6 6. Be2 Nbd7 7. O-O b6 8. a4 a5
9. Bh2 Bb7 10. Na3 Ne4 11. c3 Rc8 12. Bb5 e6 13. Qe2 Ra8 14. Rad1 Qe7 15. Nb1 f5
16. Nbd2 Ndf6 17. Ne1 Kh8 18. Nd3 Nxd2 19. Rxd2 Ne4 20. Rdd1 e5 21. Ne1 Rad8 22.
Nf3 g5 23. Nd2 Nf6 24. dxe5 dxe5 25. Ba6 Ba8 26. Nc4 Ne4 27. Rxd8 Rxd8 28. Rd1
f4 29. Rxd8+ Qxd8 30. Qg4 Bd5 31. h4 Nc5 32. Bb5 c6 33. Nxb6 Be6 34. Qxg5 Bf6
35. Qh5 cxb5 36. exf4 Qxb6 37. fxe5 Bg7 38. Qe8+ Bg8 39. axb5 Ne4 0-1

[Event "4NCL 2012-13"]
[Site "Hinckley ENG"]
[Date "2013.05.05"]
[Round "10.152"]
[White "Smerdon, David"]
[Black "Cooper, John G"]
[Result "1-0"]
[WhiteTitle "GM"]
[BlackTitle "IM"]
[WhiteElo "2498"]
[BlackElo "2343"]
[WhiteTeam "Guildford"]
[BlackTeam "South Wales Dragons"]
[WhiteFideId "3202305"]
[BlackFideId "1800027"]
[EventDate "2012.11.03"]

1. e4 e6 2. d4 d5 3. Nc3 Bb4 4. e5 c5 5. Bd2 Ne7 6. Nb5 Bxd2+ 7. Qxd2 O-O 8. f4
Nbc6 9. Nf3 a6 10. Nd6 Nxd4 11. Nxd4 cxd4 12. Bd3 Nc6 13. O-O f6 14. Qe2 Bd7 15.
Nxb7 Qe7 16. Nd6 a5 17. Rae1 fxe5 18. fxe5 Qg5 19. Rxf8+ Rxf8 20. Bb5 Nb8 21.
Rf1 Qe3+ 22. Qxe3 dxe3 23. Re1 Bxb5 24. Nxb5 Rf2 25. Nd4 Rd2 26. Nxe6 Rxc2 27.
Rxe3 Rxb2 28. Rc3 Nd7 29. Rc7 Nxe5 30. Rxg7+ Kh8 31. Rg5 Nd3 32. h4 Re2 33. Nd8
h6 34. Rxd5 Rxg2+ 35. Kh1 Rd2 36. Rd6 Nf2+ 37. Kg2 Rxd6 38. Nf7+ Kh7 39. Nxd6 1-0